000 00365nam a22001217a 4500
082 _aCP14
100 _aMuhammad Arshad Dr.
_950846
245 _aPublic health engineering CE-355
_bCourse pack
_cMuhammad Arshad Dr.
260 _aMCE
526 _a0
_b0
_c0
_dCP_000000000000000_14
650 _aPublic health engineering EC-355 course pack
_950847
942 _2ddc
_cBKB
999 _c553579
_d553579